| 000 | 01529nam a2200397 c 4500 | ||
|---|---|---|---|
| 999 |
_c48945 _d48945 |
||
| 001 | 48945 | ||
| 003 | ES-MaCES | ||
| 005 | 20250207040010.0 | ||
| 008 | 170228s2016 sp 000 | spa d | ||
| 017 |
_aM 41948-2016 _bDL |
||
| 020 | _a9788416521951 | ||
| 040 |
_aES-MaCES _bspa _cES-MaCES |
||
| 100 | 1 |
_918784 _aMolina Navarrete, Cristóbal |
|
| 245 | 1 | 3 |
_aEl empleo temporal en el laberinto judicial _b: desenmarañando el enredo : estudio de la doctrina judicial española aplicativa de la "trilolgía" de sentencias del TJUE de 14 de septiembre de 2016 ("de Diego Porras", "Pérez López" y "Martínez Andrés") _cCristóbal Molina Navarrete |
| 260 |
_aLas Rozas (Madrid) _bSepin _c[2016] |
||
| 300 |
_a123 p. _c24 cm |
||
| 541 | _cCompra | ||
| 650 | 4 |
_aempleo temporal _929000 |
|
| 650 | 4 |
_atrabajador temporal _929204 |
|
| 650 | 4 |
_acontrato de trabajo de duración determinada _930650 |
|
| 650 | 4 |
_aterminación de la relación de trabajo _929986 |
|
| 650 | 4 |
_aindemnización _930642 |
|
| 650 | 4 |
_acondiciones de trabajo _928327 |
|
| 650 | 4 |
_aEspaña _926964 |
|
| 650 | 4 |
_asentencia judicial _929888 |
|
| 650 | 4 |
_aTribunal de Justicia CE _929490 |
|
| 650 | 4 |
_aderecho jurisprudencial _929863 |
|
| 650 | 4 |
_aderecho comunitario _929866 |
|
| 650 | 4 |
_aderecho del trabajo _927165 |
|
| 653 | 1 | 0 | _aJurisprudencia |
| 700 | 1 |
_aDiego Porras, Ana de _937830 |
|
| 700 | 1 |
_937831 _aPérez López, María Elena |
|
| 700 | 1 |
_937832 _aMartínez Andrés, Florentina |
|
| 902 | _aLIB Libro | ||
| 942 |
_2CES _cBK _h6.2. |
||